00000000nam##2200000za#4500
0019.615955
003CaOODSP
00520210929082757
007ta
008150406|2002||||xxc|||||     f|0| 0 eng|d
020 |a0-662-32132-4
022 |a0830-0453
040 |aCaOODSP|beng
043 |an-cn---
0861 |aFo46-17/393E
1101 |aCanada. |bNatural Resources Canada. |bCanadian Forest Service.
24510|aLevels-of-growing-stock cooperative study in Douglas-fir : |breport no. 16, Sayward Forest and Shawnigan Lake / |cby Dennis Beddows.
260 |aVictoria - British Columbia : |bNatural Resources Canada. |c2002.
300 |aviii, 67p. : |bgraphs, references, tables ; |c28 cm.
4901 |aInformation report. [BC-X series]|x0830-0453|vBC-X-393
563 |aSoftcover
590 |a02-30|b2002-07-26
69007|aModel forests|2gcpds
69007|aTrees|2gcpds
69007|aWestern provinces|2gcpds
7201 |aBeddows, Dennis
7760#|tLevels-of-Growing-Stock cooperative study in Douglas-fir. Report no. 16, Sayward Forest and Shawnigan Lake / |w(CaOODSP)9.573077
830#0|aInformation report (Pacific Forestry Centre)|x0830-0453|vBC-X-393|w(CaOODSP)9.514663